Statistics for Države sveta

Click here to take the quiz!

General Stats

  • This quiz has been taken 790 times
  • The average score is 137 of 196

Answer Stats

Country % Correct
Ujedinjeno Kraljevstvo
95%
Rusija
94%
Kanada
94%
Srbija
94%
Hrvatska
94%
Indija
92%
Italija
92%
Portugal
92%
Francuska
91%
Albanija
91%
Brazil
91%
Crna Gora
91%
Ukrajina
90%
Island
90%
Makedonija
90%
Grčka
90%
Bosna i
Hercegovina
90%
Kina
90%
Irska
90%
Australija
90%
Argentina
90%
Španija
90%
Sjedinjene Američke
Države
90%
Meksiko
90%
Slovenija
90%
Švedska
89%
Finska
89%
Češka Republika
89%
Danska
89%
Nemačka
89%
Norveška
89%
Austrija
89%
Turska
89%
Japan
89%
Iran
89%
Irak
88%
Čile
88%
Belgija
88%
Poljska
88%
Kosovo
88%
Belorusija
87%
Bugarska
87%
Holandija
87%
Mađarska
87%
Rumunija
87%
Madagaskar
86%
Južna Koreja
86%
Kuba
86%
Mongolija
86%
Estonija
86%
Slovačka
86%
Kazahstan
86%
Švajcarska
85%
Severna Koreja
84%
Peru
84%
Egipat
84%
Moldavija
83%
Litvanija
83%
Indonezija
83%
Demokratska Republika
Kongo
82%
Letonija
82%
Urugvaj
82%
Sirija
81%
Alžir
80%
Novi Zeland
80%
Pakistan
79%
Republika Kongo
79%
Kolumbija
79%
Bolivija
79%
Malta
79%
Jemen
79%
Oman
79%
Panama
78%
Avganistan
78%
Tunis
78%
San Marino
78%
Paragvaj
78%
Saudijska Arabija
77%
Maroko
77%
Izrael
77%
Luksemburg
77%
Sudan
77%
Nepal
77%
Vatikan
76%
Libija
76%
Ekvador
75%
Tajland
75%
Andora
75%
Filipini
75%
Čad
75%
Niger
75%
Mali
74%
Vijetnam
74%
Kipar
74%
Šri Lanka
74%
Ujedinjeni Arapski
Emirati
74%
Nigerija
73%
Uzbekistan
73%
Venecuela
72%
Kostarika
72%
Turkmenistan
71%
Južnoafrička Republika
71%
Jordan
71%
Jamajka
71%
Etiopija
71%
Gruzija
71%
Burma
70%
Monako
70%
Bangladeš
70%
Malezija
70%
Angola
70%
Lihtenštajn
69%
Butan
69%
Somalija
69%
Azerbejdžan
69%
Katar
68%
Gana
67%
Laos
67%
Tadžikistan
66%
Jermenija
66%
Tajvan
66%
Dominika
66%
Kenija
66%
Bocvana
65%
Honduras
65%
Kirgistan
65%
Zambija
64%
Papua Nova Gvineja
64%
Kuvajt
63%
Kambodža
62%
Maldivi
62%
Togo
62%
Surinam
62%
Zimbabve
61%
Senegal
60%
Haiti
60%
Kamerun
60%
Gvajana
59%
Gvineja
59%
Gvatemala
59%
Južni Sudan
59%
Tanzanija
59%
Nikaragva
57%
Liban
57%
Namibija
57%
Dominikanska Republika
57%
Obala Slonovače
57%
Eritreja
56%
Mozambik
56%
Uganda
56%
Bahame
55%
Fidži
55%
Lesoto
55%
Belize
55%
El Salvador
55%
Centralnoafrička
Republika
54%
Singapur
54%
Mauritanija
54%
Benin
52%
Gabon
52%
Džibuti
51%
Burundi
50%
Sejšeli
50%
Barbados
49%
Ruanda
49%
Burkina Faso
49%
Trinidad i Tobago
49%
Gambija
49%
Bahrein
49%
Malavi
47%
Brunej
47%
Kiribati
47%
Istočni Timor
47%
Liberija
46%
Ekvatorijalna Gvineja
46%
Sveta Lucija
45%
Savezne Države
Mikronezije
44%
Sao Tome
44%
Tonga
44%
Mauricijus
43%
Svazilend
43%
Tuvalu
42%
Grenada
41%
Antigva i Barbuda
41%
Nauru
40%
Maršalska Ostrva
39%
Gvineja Bisao
39%
Palau
38%
Samoa
38%
Vanuatu
37%
Sijera Leone
37%
Komori
36%
Solomonova ostrva
35%
Zelenortska Ostrva
34%
Sent Vinsent i
Grenadini
29%
Sent Kits i Nevis
26%

Score Distribution

Percentile by Number Answered

Percent of People with Each Score

Your Score History

You have not taken this quiz